| 000 | 00969nam a2200217Ia 4500 | ||
|---|---|---|---|
| 003 | Ost | ||
| 005 | 20260507075545.0 | ||
| 008 | 260507s9999||||xx |||||||||||||| ||und|| | ||
| 040 | _cfsecg | ||
| 041 | _aara | ||
| 082 | _a301.11 | ||
| 100 |
_aحلوة، محمود فوزي _eمؤلف |
||
| 245 | 0 |
_aالعلاقات الإدارية : _bسلوك ومهارات / _c محمود فوزي حلوة |
|
| 260 |
_aعمان: _bمكتبة مجتمع العربي;دار أجنادين للنشر والتوزيع, _c2007 |
||
| 300 |
_a192 صفحة؛ _bإيضاحات ؛ _c24 سم |
||
| 520 | _aيضم الهياكل التنظيمية، السلوكات المؤدية لنجاح العمل،أخلاقيات العمل، خطوات يجب اتباعها عند اتخاذ قرار ناتج عن التحليل | ||
| 653 | _aإدارة الأفراد | ||
| 653 | _aالسلوك الإجتماعي | ||
| 653 | _aالعلاقات الإجتماعية | ||
| 942 | _cكتاب | ||
| 999 |
_c44887 _d44887 |
||